|
|
|
|
| LEADER |
00899cam a2200337 i 4500 |
| 001 |
000046399 |
| 003 |
5864 |
| 005 |
20030326111900.0 |
| 008 |
010220|1998 vm 000 eng |
| 020 |
|
|
|a 0471592889
|
| 040 |
|
|
|a IRC
|c IRC
|d IRC
|
| 041 |
0 |
|
|a eng
|
| 082 |
1 |
4 |
|a 658.848
|b KO-M
|
| 100 |
1 |
|
|a Kotabe, Masaaki.
|
| 245 |
0 |
0 |
|a Global marketing management /
|c Masaaki Kotabe.
|
| 260 |
|
|
|a New York :
|b John Wiley and Sons,
|c 1998.
|
| 300 |
|
|
|a xxii, 712p., [12]p. of plates :
|b ill.
|
| 630 |
0 |
4 |
|a Management.
|
| 630 |
0 |
4 |
|a Export marketing.
|
| 650 |
0 |
4 |
|a Export marketing
|x Management.
|
| 650 |
0 |
4 |
|a International business enterprises
|x Management.
|
| OWN |
|
|
|a DUT
|
| 999 |
|
|
|a From the UDN01
|
| TYP |
|
|
|a Monograph
|
| TYP |
|
|
|a Printed language
|
| 980 |
|
|
|a Mạng thư viện Đại học Đà Nẵng
|